00619nam a2200181 a 4500008004100000020002200041100002100063245013400084260004900218300002600267440002300293500002200316650004000338700003200378003000100410005001700411040000900428  a0491015828 (pbk.)10aJackson, Eugene.10aRussian made simple /cEugene Jackson and Elizabeth Bartlett Gordon ; advisory editors, Geoffrey Braithwaite and Albina Tarasova.0 aLondon :bW. H. Allen,c1967, 1977 printing. axiii, 304, p. ;22 cm.0 aMade simple books. aIncludes indexes. 0aRussian languagexSelf-instruction.10aGordon, Elizabeth Bartlett.20230123133938.0 cNUST